000 01179nam a2200289 i 4500
001 188143
003 SpMaBN
005 20251003063203.0
008 180528s2015 sp abef |||| |dspa d
020 _a978-84-414-3575-9
080 _a929 Gálvez, Bernardo de, Conde de
080 _a94(73)"1775/83"
100 1 _aRey Vicente, Miguel del,
_d1962-
_9164802
245 1 0 _aBernardo de Gálvez
_b: de la guerra en la Apachería a la épica intervención en la independencia de los Estados Unidos /
_cMiguel del Rey Vicente, Carlos Canales Torres.
250 _a1ª ed.
260 _aMadrid :
_bEdaf,
_c2015.
300 _a318 p., [4] p. pleg. de lám. col. :
_bil. col., mapas, planos ;
_c24 cm.
490 1 _aClío crónicas de la historia
504 _aBibliografía: p. [315]-318.
600 1 7 _aGálvez, Bernardo de,
_cConde de,
_d1746-1786
_2
_9164803
651 7 _aEstados Unidos-
_xHistoria-
_y1775-1783, Revolución.
_98542
700 1 _aCanales Torres, Carlos.
_9151605
830 0 _aClío crónicas de la historia
_9179748
852 _aES-MaACL
_jA-14172
_9195262
_bR.151504
_cDEPO1
_dOlim: N-7172
942 _2udc
_cMONOGRAFIA
999 _c188143
_d188143